000 00573nam a2200193Ia 4500
005 20260120130141.0
008 008 260114s9999 xx 000 0 eng d
020 _a9780197611753
037 _aEBOOK
040 _aCRL
_beng
_cCRL
041 _aeng
_2eng
084 _qCRL
100 _aBleich & van der Veen
_9911608
245 0 _aCovering Muslims: American Newspapers in Comparative Perspective
260 _bOUPOxford University Press
_c2021
856 _uhttp://dx.doi.org/10.1093/oso/9780197611715.001.0001
942 _cEBOOK
999 _c1503507
_d1503507